000 00891nam a2200181Ia 4500
008 100921s9999 xx 000 0 und d
082 _b39996
_a796 न 05
100 _aप्रधान निलिमा.प्रधान प्रकाश.
245 _aवास्तुशास्त्र कोणासाठी ?कशासाठी ?.
260 _bनवचैतन्य प्रकाशन, मुंबई.
_c2005
300 _a72
_bजयेश एजन्सी,पुणे.
365 _b50
520 _aकला-वास्तुशिल्पकला.
630 _aवास्तुशास्त्र कोणासाठी ?कशासाठी ?.
650 _aकला-वास्तुशिल्पकला.
730 _aवास्तुशास्त्र कोणासाठी ?कशासाठी ?.
942 _cBOOK
999 _c789109
_d789106